LEADER 01488nam a2200313 u 4500 001 000000053660 003 CaOOAMICUS 005 20070226115602.0 008 001120s1991 it u000 u ita u 020 $a8821521516 035 $a10861774 040 $aPUL(R)$bita 111 2 $aConvegno teologico$d(1990 :$n1 :$cCinisello).$0(OLS)http://pul/name/38203 245 12$aL'ombra di Dio :$bl'ineffabile e i suoi nomi : atti del primo convegno teologico, Cinisello, 15-17 giugno 1990 /$ca cura di Elio Guerriero e Antonio Tarzia. 260 $aCinisello Balsamo :$bEdizioni Paoline,$c1991. 300 $a230 p. ;$c21 cm 490 1 $aSaggi teologici ;$v6 504 $aNote bibliografiche. 650 4$aTeologia$xCongressi.$0(OLS)http://pul/subject/7855 700 1 $aTarzia, Antonio.$0(OLS)http://pul/name/38204 700 1 $aGuerriero, Elio,$d1948-$0(OLS)http://pul/name/5740 830 0$aSaggi teologici (Edizioni Paoline) ;$v6.$0(OLS)http://pul/title/7388 850 $aPUL 852 $aPUL$W1$xDP1 Fondo Giannini$y60$m1555 C 14$j70760$nBK-PRI$b $qFondi$B70760$CPULBib$Z2$F70760 $H $81 941 1 $a1 961 $aINV: Fondo Giannini 996 $6020$a8821521516$9(OLS)http://pul/number/67622 996 $6245$aL'ombra di Dio :$bl'ineffabile e i suoi nomi : atti del primo convegno teologico, Cinisello, 15-17 giugno 1990$9(OLS)http://pul/title/71971 996 $6260$aCinisello Balsamo :$bEdizioni Paoline$9(OLS)http://pul/publisher/51955 LEADER 01213nam a2200265 a 4500 001 000000154229 003 CaOOAMICUS 005 20160923145908.0 008 160923s1947 it u000 u lat r 032 $aLibriCat 040 $aPUL$bita 100 1 $aIacobellis, Giuseppe.$0(OLS)http://pul/name/98187 245 13$aIl peccato originale in Ruperto di Deutz / $cGiuseppe Iacobellis. 260 $aNapoli :$bTip. Tortora,$c1947. 300 $a37 p. ; $c24 cm. 502 $aPars dissertationis ad lauream in facultate S. Theologiae apud Pontificium Institutum Angelicum de Urbe. 1947. 504 $aBibliografia in nota a pič pagina. 600 04$aRupertus Tuitiensis,$cO.S.B.,$d1070/80-1129/30.$0(OLS)http://pul/subject/30427 710 2 $aPontificio Ateneo Angelicum.$bFacoltŕ di Teologia.$kTesi.$0(OLS)http://pul/name/97565 850 $aPUL 852 $aPUL$W1$xDP1 Tesi Pon. Univ. S. Tommaso$y44$mTH S.THOM TH28a$j177288$qTesi$B180258$CPULBib$Z2$F180258 $H13278 $81 941 1 $a16 996 $6245$aIl peccato originale in Ruperto di Deutz / $9(OLS)http://pul/title/193815 996 $6260$aNapoli :$bTip. Tortora$9(OLS)http://pul/publisher/73319